|
|
|
|
| LEADER |
01395nam a2200265 a 4500 |
| 001 |
12204845 |
| 008 |
101019s2001 njua b 001 0 eng d |
| 010 |
|
|
|a 00051668
|
| 020 |
|
|
|a 0130284181 (pbk.)
|
| 040 |
|
|
|a DLC
|c DLC
|d DLC
|d BD-DhAAL
|
| 082 |
0 |
0 |
|a 005.2/762
|2 21
|
| 245 |
0 |
0 |
|a Perl :
|b how to program /
|c H.M. Deitel ... [et al.].
|
| 260 |
|
|
|a Upper Saddle River, N.J. :
|b Prentice Hall,
|c c2001.
|
| 300 |
|
|
|a xliii, 1057 p. :
|b ill. (some col.) ;
|c 23 cm. +
|e 1 computer optical disc (4 3/4 in.)
|
| 490 |
0 |
|
|a How to program series
|
| 538 |
|
|
|a System requirements for accompanying computer disc: Intel Pentium 133 MHz or faster processor (200 MHz recommended); Microsoft Windows 95 or later; or Microsoft Windows NT 4.0 (or later); or Red Hat Linux 6.0 (or later).
|
| 504 |
|
|
|a Includes bibliographical references (p. [1027]-1028) and index.
|
| 541 |
|
|
|e 00021403
|
| 650 |
|
0 |
|a Perl (Computer program language)
|
| 650 |
|
0 |
|a Internet programming.
|
| 700 |
1 |
|
|a Deitel, Harvey M.,
|d 1945-
|
| 852 |
4 |
|
|a Ayesha Abed Library
|j General shelf
|
| 999 |
|
|
|c 9824
|d 9824
|
| 952 |
|
|
|0 0
|1 0
|2 ddc
|4 0
|6 005_276200000000000_PER_2001
|7 0
|9 12580
|a BRACUL
|b BRACUL
|c GEN
|d 2010-10-19
|l 10
|m 26
|o 005.2762 PER
|p 3010021403
|r 2013-08-01
|s 2013-04-07
|t 1
|w 2010-10-19
|y BK
|
| 952 |
|
|
|0 0
|1 0
|2 ddc
|4 0
|6 005_276200000000000_PER_2001
|7 0
|9 12581
|a BRACUL
|b BRACUL
|c AV
|d 2010-10-19
|l 0
|o 005.2762 PER
|p 4010021403
|r 2010-10-19
|t 1
|w 2010-10-19
|y AV
|